00719 2200241 4500001002100000005001700021008004100038035002400079082001200103090002300115100001800138245010900156260002900265300003500294500004300329500002800372650001600400850001600416980001500432985000600447986000900453999001500462YOGYA-0209000004438320090227030358.0 ind  0010-020900000044383 a332.041 a334.041bDwi ElSK aDWI NUGRAHANI aEfisiensi penggunaan modal kerja studi kasus pada KUD Surti Kabupaten Dati II Bantulcoleh Dwi Nugrahani aYogyakartab[s.n.]c1994 ax, 85, [7] lembarbilusc29 cm aSkripsi STIE "Widya Wiwaha" Yogyakarta aBibliografi : lembar 58 aModal kerja aYOPDYOG [B] a27-12-2007 a1 aRuni a07A0027972